000 00466cam a2200193ua 4500
020 _c42.00
041 _aeng
_h
082 _a516.5
_bSEM/AL
100 _aSemple, J G .
245 _aAlgebreaii projective geometry /
_cJ G Semple.
_hTextual Documents
250 _a7 /
_b.
260 _aOxford :
_bClarendon Press ,
_c1960.
300 _a404 ; .
365 _a42.00
504 _a
700 1 _aKneebone, G T .
942 _cBK
999 _c7128
_d7128